| 000 | 00783nam a22002417a 4500 | ||
|---|---|---|---|
| 005 | 20170124110051.0 | ||
| 010 | _aA-539239 | ||
| 020 |
_c00.00 _a8172160038 |
||
| 035 | _aA-539239 | ||
| 037 | _bCen Lib/Ret | ||
| 040 |
_aDPL _bEN |
||
| 082 |
_a796 _bDHE |
||
| 100 |
_aDheer, S. _925355 |
||
| 245 |
_aDevelopmental games and recreation activities / _cby S. Dheer [and] R. S. Saini |
||
| 260 |
_aDelhi _bFriends Publication _c1992 |
||
| 270 |
_bDelhi _a6, Mukharji Tower, Commercial Complex, Dr. Mukharji Nagar, Near Batra Cinema _e110009 |
||
| 300 |
_avii,239p. _c20cm(Hb) |
||
| 500 | _aIncludes index | ||
| 650 |
_aRecreation _925356 |
||
| 650 |
_aEducational games -- Evaluation _925357 |
||
| 700 |
_aSaini, R. S. _925358 |
||
| 942 |
_2ddc _cEN _h796 _mDHE |
||
| 999 |
_c129082 _d129082 |
||